000
00277nam a22000857a 4500
008
160312b xxu||||| |||| 00| 0 eng d
100
_a
Muller, J.
245
_a
Muller Briefmarken Katalog 8th Ed. 1960
_b
Deutschland Spezial-Katalog
260
_a
Berlin, Germany
_b
Lindemann & Ludecke
_c
1960
999
_c
1816
_d
1816